Britain and Pakistan : (Record no. 554366)
[ view plain ]
| 000 -LEADER | |
|---|---|
| fixed length control field | 00614cam a22001574a 4500 |
| 020 ## - INTERNATIONAL STANDARD BOOK NUMBER | |
| International Standard Book Number | 9693521293 |
| 082 ## - DEWEY DECIMAL CLASSIFICATION NUMBER | |
| Classification number | 954.91 |
| Author Mark | AZI |
| -- | N-02,P-100 |
| 100 1# - MAIN ENTRY--PERSONAL NAME | |
| Personal name | Aziz, Khursheed Kamal. |
| 9 (RLIN) | 5467 |
| 245 10 - TITLE STATEMENT | |
| Title | Britain and Pakistan : |
| Remainder of title | a study of British attitude towards the East Pakistan crisis of 1971 / |
| Statement of responsibility, etc. | by K.K. Aziz. |
| 260 ## - PUBLICATION, DISTRIBUTION, ETC. | |
| Place of publication, distribution, etc. | Lahore : |
| Name of publisher, distributor, etc. | Sang-e-Meel Publications, |
| Date of publication, distribution, etc. | 2008. |
| 300 ## - PHYSICAL DESCRIPTION | |
| Extent | 402 p. ; |
| Dimensions | 24 cm. |
| 500 ## - GENERAL NOTE | |
| General note | Originally published: Islamabad : University of Islamabad Press, 1974. |
| 526 ## - STUDY PROGRAM INFORMATION NOTE | |
| Program name | 0 |
| Interest level | 0 |
| Reading level | 0 |
| Title point value | 954_910000000000000_AZI |
| 650 ## - SUBJECT ADDED ENTRY--TOPICAL TERM | |
| Topical term or geographic name entry element | history -Muslim india - Pakistan |
| Topical term following geographic name entry element | Politics |
| 9 (RLIN) | 51819 |
| 942 ## - ADDED ENTRY ELEMENTS (KOHA) | |
| Source of classification or shelving scheme | |
| Koha item type | Book |
| Withdrawn status | Lost status | Source of classification or shelving scheme | Damaged status | Not for loan | Permanent Location | Current Location | Date acquired | Total Checkouts | Full call number | Barcode | Date last seen | Price effective from | Koha item type |
|---|---|---|---|---|---|---|---|---|---|---|---|---|---|
| Military College of Engineering (MCE) | Military College of Engineering (MCE) | 06/24/2020 | 954.91 AZI | MCE-51449 | 06/24/2020 | 06/24/2020 | Book |
